00948nam a22001697a 4500008004100000020001500041040001800056041000800074100002100082245006200103250001200165260007200177300001800249505042200267650003500689651005400724130821s1971 xxu gr eng  a017712072X aCo-BoUCMbspa00aeng1 aSpanier, John W.10aAmerican foreign policy since world war IIcJohn Spanier. a4th ed. aChicago (Illinois, estados Unidos)bHolt,Rinehart and Winstonc1971 a318 páginas aThe american approach to foreign policy. The beginning of the cold war. Containment in Europe. Containment in the Far East. The strategy of frontiersmanship. Berlin, Cuba and the crisis of massive retaliation. The tird world during the cold war years. Vietnam and the collapse of containment. From cold war to Détente. Conflict with and in the third world. Reagan and cold war II. Containment: a reappraisal. Index.04aPolítica internacionaly1945 7aEstados UnidosbRelaciones internacionalesd1945-